| 000 | 00375nam a2200145Ia 4500 | ||
|---|---|---|---|
| 008 | 230917s9999||||xx |||||||||||||| ||und|| | ||
| 040 |
_e218005 _aMAIN |
||
| 041 | _aEnglish | ||
| 082 | _a320.50954 P196P | ||
| 100 | _aPantham, Thomas, ed. | ||
| 245 | 0 | _aPolitical thought in modern India | |
| 260 |
_aNew Delhi _bSage Publications _c1986 |
||
| 300 | _a362 p. | ||
| 942 | _cBK | ||
| 999 |
_c177387 _d177387 |
||